| 000 | 01216nam0a22002651 4500 | ||
|---|---|---|---|
| 001 | rc\110851 | ||
| 005 | 20021216133934.3 | ||
| 035 | _a(NLR Aleph) 005371334 | ||
| 090 |
_a7003386 _c7003386 |
||
| 100 | _a20021216d1993 u |0rusy50 ca | ||
| 101 | 0 | _arus | |
| 102 | _aRU | ||
| 105 | _ay ||||||||| | ||
| 200 | 1 |
_aИСПЫТАНИЯ обогатимости руд электрическими методами _f[Исполн. Л.Г. Подкосов] |
|
| 210 |
_aМ. _cВИМС _d1993 |
||
| 215 |
_a[1], 16 с. _d21 |
||
| 225 | 1 |
_aМетодические указания _fКом. Рос. Федерации по геологии и использ. недр. Всерос. НИИ минер. сырья им. Н.М. Федоровского (ВИМС), Науч. совет по методам технол. исслед. _v№ 62 |
|
| 320 | _aБиблиогр.: с. 16 | ||
| 702 | 1 |
_aПодкосов _bЛ. Г. _gЛеонид Григорьевич _4570 |
|
| 712 | 0 | 2 |
_aВсероссийский НИИ минерального сырья им. Н.М.Федоровского _3RU\NLR\AUTH\8816860 |
| 801 | 0 |
_aRU _bNLR _gpsbo |
|
| 801 | 1 |
_aRU _bELAR _2rusmarc |
|
| 852 |
_aNLR _j93-4/2436 |
||
| 942 | _cBOOK | ||
| 980 | _aNB | ||